LEADER 01188nam a2200277 i 4500 001 000000156805 003 CaOOAMICUS 005 20061214000000.0 008 061214s1975 it u000 u mul u 013 $a134160 040 $aSeMil$bita 100 1 $aScève, Maurice.$0(OLS)http://semarc/name/61259 245 10$aDélie :$boggetto d'altissima virtù /$cMaurice Scève ; introduzione di Jacqueline Risset ; traduzione di Diana Grange Fiori. 260 $aTorino :$bGiulio Einaudi,$ccopyr. 1975. 300 $aXV, 57 p. ;$c18 cm. 490 0 $aCollezione di poesia ;$v124 500 $aTesto francese a fronte. - Fondo Ciprandi. 700 1 $aGrange Fiori, Diana.$0(OLS)http://semarc/name/55352 700 1 $aRisset, Jacqueline,$d<1936-2014>.$0(OLS)http://semarc/name/42866 830 0$aCollezione di poesia ;$v124.$0(OLS)http://semarc/title/7855 850 $aSeMil 852 $aSeMil$W1$xVenegono$y1$m1U I 43$j108554$B108554$CSeMilBibl$Z2$F118105 $81 941 1 $a1 961 $aOmaggio: Ciprandi dott. Paolo 996 $6245$aDélie :$boggetto d'altissima virtù$9(OLS)http://semarc/title/229884 996 $6260$aTorino :$bGiulio Einaudi$9(OLS)http://semarc/publisher/29810 LEADER 00704nam a2200169 i 4500 001 000000015868 003 CaOOAMICUS 005 20180830125443.0 008 180830s1975 it u000 u ita u 040 $aSeMil$bita 100 1 $aZunino, Pier Giorgio.$0(OLS)http://semarc/name/720 245 13$aLa questione cattolica nella sinistra italiana /$cPier Giorgio Zunino. 260 $aBologna :$bIl Mulino,$c1975. 300 $a2 v. ;$c22 cm. 650 4$aPartiti di sinistra - Atteggiamento verso i cattolici - Italia.$0(OLS)http://semarc/subject/2574 996 $6245$aLa questione cattolica nella sinistra italiana$9(OLS)http://semarc/title/21017 996 $6260$aBologna :$bIl Mulino$9(OLS)http://semarc/publisher/29842